[Event "World ol U16"]
[Site "Poprad"]
[Date "2016.07.29"]
[Round "9.3"]
[White "Levitsky, Andrey"]
[Black "Szmer, Aleksander"]
[Result "1-0"]
[WhiteElo "2074"]
[BlackElo "1808"]
[PlyCount "77"]
[EventDate "2016.07.22"]
[EventType "team-swiss"]
[EventRounds "9"]
[EventCountry "SVK"]
[SourceTitle "EXT 2017"]
[Source "ChessBase"]
[SourceDate "2016.10.25"]
[SourceVersion "1"]
[SourceVersionDate "2016.10.25"]
[SourceQuality "1"]
[WhiteTeam "Ukraine"]
[BlackTeam "Poland"]
[WhiteTeamCountry "UKR"]
[BlackTeamCountry "POL"]

1. d4 Nf6 2. Nc3 c5 3. d5 d6 4. e4 g6 5. f4 Bg7 6. Bb5+ Nfd7 7. a4 0-0 8. Nf3 Qc7 9. 0-0 Nf6 10. h3 Bd7 11. Be2 Na6 12. Nd2 e6 13. dxe6 Bxe6 14. f5 Bd7 15. Nc4 d5 16. Bf4 Qd8 17. e5 dxc4 18. exf6 Bxf6 19. fxg6 hxg6 20. Bxc4 Bc6 21. Qd6 Bd4+ 22. Kh2 Kg7 23. Rad1 f5 24. Nb5 Bf6 25. c3 Qxd6 26. Rxd6 g5 27. Bg3 f4 28. Bf2 f3 29. g3 Rae8 30. Rd2 Re4 31. b3 g4 32. Nd6 Rh8 33. Nxe4 Rxh3+ 34. Kg1 Bxe4 35. Rd7+ Kg6 36. Be6 Kh5 37. Re1 Bg6 38. Rd5+ Bg5 39. Ree5 1-0

[Event "POL Olympiad U14"]
[Site "Spala"]
[Date "2014.12.30"]
[Round "3.5"]
[White "Koziol, Kamil"]
[Black "Szmer, Aleksander"]
[Result "1-0"]
[WhiteElo "2005"]
[BlackElo "1732"]
[PlyCount "47"]
[EventDate "2014.04.06"]
[EventType "swiss"]
[EventRounds "9"]
[EventCountry "POL"]
[SourceTitle "EXT 2023"]
[Source "ChessBase"]
[SourceDate "2022.10.05"]
[SourceVersion "1"]
[SourceVersionDate "2022.10.05"]
[SourceQuality "1"]

1. e4 c5 2. Nf3 Nc6 3. d4 cxd4 4. Nxd4 Nf6 5. Nc3 d6 6. Nb3 e5 7. Bg5 Be7 8. Bxf6 Bxf6 9. g3 a6 10. a4 Be6 11. Nd5 0-0 12. Bg2 Rc8 13. c3 Bxd5 14. Qxd5 Qb6 15. 0-0 Rfd8 16. a5 Qc7 17. Rfd1 Ne7 18. Qd3 Qc4 19. Qxc4 Rxc4 20. Nd2 Rc5 21. Ra4 d5 22. exd5 Nxd5 23. Ne4 Rcc8 24. Rxd5 1-0

[Event "POL Olympiad U14"]
[Site "Spala"]
[Date "2014.12.30"]
[Round "6.16"]
[White "Mendak, Mateusz"]
[Black "Szmer, Aleksander"]
[Result "0-1"]
[WhiteElo "1575"]
[BlackElo "1732"]
[PlyCount "82"]
[EventDate "2014.04.06"]
[EventType "swiss"]
[EventRounds "9"]
[EventCountry "POL"]
[SourceTitle "EXT 2023"]
[Source "ChessBase"]
[SourceDate "2022.10.05"]
[SourceVersion "1"]
[SourceVersionDate "2022.10.05"]
[SourceQuality "1"]

1. Nf3 Nf6 2. d4 g6 3. Nc3 Bg7 4. Bg5 d5 5. e3 Bg4 6. Bd3 c6 7. 0-0 Nbd7 8. h3 Bxf3 9. Qxf3 e5 10. dxe5 Nxe5 11. Qf4 Qd6 12. e4 dxe4 13. Nxe4 Nxe4 14. Bxe4 h6 15. Qd2 Qxd2 16. Bxd2 f5 17. Bd3 Nxd3 18. cxd3 0-0-0 19. Rab1 Rxd3 20. Be3 b6 21. Rfe1 g5 22. f3 Rxe3 23. Rxe3 Bd4 24. Kf2 f4 25. Ke2 Bxe3 26. g4 Rd8 27. Rd1 Rxd1 28. Kxd1 Kd7 29. Ke2 Kd6 30. Kd3 Kd5 31. b3 c5 32. a3 b5 33. a4 c4+ 34. Kc3 Bd4+ 35. Kc2 bxa4 36. bxc4+ Kxc4 37. Kb1 Kb3 38. h4 gxh4 39. g5 h3 40. gxh6 h2 41. h7 h1R# 0-1

[Event "POL Olympiad U14"]
[Site "Spala"]
[Date "2014.12.30"]
[Round "2.6"]
[White "Szmer, Aleksander"]
[Black "Chylewski, Patryk"]
[Result "1/2-1/2"]
[WhiteElo "1732"]
[BlackElo "1899"]
[PlyCount "59"]
[EventDate "2014.04.06"]
[EventType "swiss"]
[EventRounds "9"]
[EventCountry "POL"]
[SourceTitle "EXT 2023"]
[Source "ChessBase"]
[SourceDate "2022.10.05"]
[SourceVersion "1"]
[SourceVersionDate "2022.10.05"]
[SourceQuality "1"]

1. d4 Nf6 2. Nc3 d5 3. Bg5 Ne4 4. Nxe4 dxe4 5. e3 Bf5 6. c4 c6 7. Bf4 e6 8. a3 Bd6 9. Bxd6 Qxd6 10. Qb3 Qc7 11. Ne2 Nd7 12. Nc3 Nf6 13. Be2 0-0 14. Rc1 Rfd8 15. 0-0 Qe7 16. Rfd1 Rd7 17. Rd2 Rad8 18. Rcd1 h6 19. h3 b6 20. Qa4 Rd6 21. Qb4 Qb7 22. Qb3 R6d7 23. Qa2 a6 24. Na4 Qa7 25. b4 Rc7 26. Nc3 Qb7 27. Rc1 Rcd7 28. Rcd1 Rc7 29. Rb1 Rcd7 30. Rbd1 1/2-1/2

[Event "POL Olympiad U14"]
[Site "Spala"]
[Date "2014.12.30"]
[Round "5.16"]
[White "Szmer, Aleksander"]
[Black "Gaj, Szymon"]
[Result "1/2-1/2"]
[WhiteElo "1732"]
[BlackElo "1544"]
[PlyCount "81"]
[EventDate "2014.04.06"]
[EventType "swiss"]
[EventRounds "9"]
[EventCountry "POL"]
[SourceTitle "EXT 2023"]
[Source "ChessBase"]
[SourceDate "2022.10.05"]
[SourceVersion "1"]
[SourceVersionDate "2022.10.05"]
[SourceQuality "1"]

1. e4 c5 2. Nf3 d6 3. d4 cxd4 4. Nxd4 Nf6 5. Nc3 g6 6. f3 Bg7 7. Be3 a6 8. Bc4 Nbd7 9. Qd2 b5 10. Bb3 Bb7 11. g4 0-0 12. g5 Nh5 13. 0-0-0 Nc5 14. Nde2 Nxb3+ 15. axb3 Rc8 16. Nb1 Qc7 17. Ng3 b4 18. Nxh5 gxh5 19. Rhf1 Qa5 20. Qd3 Qa2 21. Bd4 Bxd4 22. Qxd4 Qxb3 23. Rf2 Qc4 24. Qb6 Qc5 25. Qxc5 Rxc5 26. Rd4 Rxg5 27. Rxb4 Rg1+ 28. Kd2 Bxe4 29. Rxe4 Rxb1 30. Rg2+ Kh8 31. Rxe7 Rxb2 32. Ra7 Rb6 33. Rg5 h6 34. Rxh5 Kg7 35. Ra5 Kf6 36. R7xa6 Rxa6 37. Rxa6 Ke6 38. Ra5 f5 39. Ra4 Ke5 40. Rh4 Rf6 41. Kd3 1/2-1/2

[Event "POL-chT U19 1st League"]
[Site "Maslow Pierwszy"]
[Date "2014.07.30"]
[Round "6"]
[White "Drozdz, Jakub"]
[Black "Szmer, Aleksander"]
[Result "0-1"]
[WhiteElo "1459"]
[BlackElo "1760"]
[PlyCount "112"]
[EventDate "2014.07.25"]
[EventType "team-tourn"]
[EventRounds "9"]
[EventCountry "POL"]
[SourceTitle "EXT 2015"]
[Source "ChessBase"]
[SourceDate "2014.11.20"]
[SourceVersion "1"]
[SourceVersionDate "2014.11.20"]
[SourceQuality "1"]
[WhiteTeam "Minsk Mazowiecki MTSz U19"]
[BlackTeam "Opole Rodlo U19"]
[WhiteTeamCountry "POL"]
[BlackTeamCountry "POL"]

1. e4 c5 2. c3 d5 3. exd5 Qxd5 4. d4 Nf6 5. Nf3 Bg4 6. Be2 e6 7. Be3 cxd4 8. cxd4 Bb4+ 9. Nc3 Qa5 10. Qc2 0-0 11. 0-0 Bxc3 12. bxc3 Nbd7 13. Rfc1 Rac8 14. h3 Bh5 15. Bd2 Qc7 16. Rab1 Nb6 17. Rb3 Nfd5 18. Kh1 h6 19. Ng1 Bxe2 20. Nxe2 Nc4 21. Rcb1 b6 22. Qd3 Rfd8 23. Rd1 Qc6 24. Qg3 Kh7 25. Qd3+ Kh8 26. Rc1 Qa4 27. Qc2 Rc6 28. Kg1 Rdc8 29. Kf1 Na5 30. Rb2 Qc4 31. Ke1 Qa6 32. Rbb1 R8c7 33. Rb2 Rc4 34. Qd3 Qc8 35. Kf1 Qd7 36. Ke1 Qa4 37. Qc2 Qa3 38. Kf1 Nb4 39. Qb1 Nd3 40. Rbc2 Nxc1 41. Rxc1 Ra4 42. Rc2 Qe7 43. Qb5 Qd7 44. Qe5 Nc4 45. Qf4 Ra5 46. Qf3 Rf5 47. Qg3 Rc8 48. Bf4 Qc6 49. Qd3 Na3 50. Rc1 Qc4 51. Qd2 Rd8 52. Ke1 e5 53. Be3 Qd5 54. Kf1 Nc4 55. Qd3 e4 56. Qb1 Nxe3+ 0-1

[Event "POL Olympiad U14"]
[Site "Walbrzych"]
[Date "2013.??.??"]
[Round "4.5"]
[White "Szmer, Aleksander"]
[Black "Wisniewski, Michal"]
[Result "0-1"]
[WhiteElo "1739"]
[BlackElo "1848"]
[PlyCount "120"]
[EventDate "2013.04.??"]
[EventType "team-swiss"]
[EventRounds "9"]
[EventCountry "POL"]
[SourceTitle "EXT 2014"]
[Source "ChessBase"]
[SourceDate "2013.11.20"]
[SourceVersion "1"]
[SourceVersionDate "2013.11.20"]
[SourceQuality "1"]

1. e4 c5 2. Nf3 d6 3. c3 g6 4. h3 Bg7 5. d4 Nc6 6. dxc5 dxc5 7. Qxd8+ Nxd8 8. Be3 b6 9. Na3 Bd7 10. 0-0-0 Ne6 11. Ng5 Nxg5 12. Bxg5 h6 13. Bb5 Bxb5 14. Nxb5 Be5 15. Be3 a6 16. Na3 Bc7 17. g4 Nf6 18. f3 Nd7 19. Rd2 0-0-0 20. Rhd1 g5 21. b3 Ne5 22. Rxd8+ Rxd8 23. Rxd8+ Kxd8 24. Nc4 Nxf3 25. Kd1 Ne5 26. Nxe5 Bxe5 27. Kc2 e6 28. Kd3 Kd7 29. c4 Kd6 30. Ke2 Bc3 31. Kf3 Ke5 32. Bf2 f5 33. exf5 exf5 34. Bg3+ f4 35. Bf2 Bd4 36. Be1 Bb2 37. Bf2 Bc3 38. h4 Bd4 39. Be1 Bb2 40. hxg5 hxg5 41. a3 Kd4 42. a4 a5 43. Bd2 Kd3 44. Bxf4 gxf4 45. g5 Kc3 46. b4 Kxb4 47. Kxf4 Bc1+ 48. Kf5 Bxg5 49. Kxg5 Kxc4 50. Kf5 Kb4 51. Ke4 Kxa4 52. Kd3 Kb3 53. Kd2 Kb2 54. Kd3 a4 55. Kc4 a3 56. Kb5 a2 57. Kxb6 a1Q 58. Kxc5 Qc1+ 59. Kb4 Qc3+ 60. Kb5 Qd4 0-1

[Event "Solina Mind Sports U14 op"]
[Site "Solina"]
[Date "2012.04.18"]
[Round "5"]
[White "Szmer, Aleksander"]
[Black "Janik, Igor"]
[Result "0-1"]
[WhiteElo "1693"]
[BlackElo "1751"]
[PlyCount "56"]
[EventDate "2012.04.15"]
[EventType "swiss"]
[EventRounds "9"]
[EventCountry "POL"]
[SourceTitle "EXT 2014"]
[Source "ChessBase"]
[SourceDate "2013.11.20"]
[SourceVersion "1"]
[SourceVersionDate "2013.11.20"]
[SourceQuality "1"]

1. e4 c5 2. Nf3 d6 3. d4 cxd4 4. Nxd4 Nf6 5. Nc3 g6 6. f3 Bg7 7. Be3 0-0 8. Bc4 Nc6 9. Qd2 Nd7 10. 0-0-0 Nce5 11. Be2 Nb6 12. Bf2 Bd7 13. Kb1 Nec4 14. Bxc4 Nxc4 15. Qd3 Rc8 16. Rhf1 a6 17. h3 b5 18. f4 b4 19. Nce2 Bb5 20. Nxb5 Nxb2 21. Qd5 Nxd1 22. Rxd1 axb5 23. Bd4 Qc7 24. Rd2 Bxd4 25. Nxd4 Qc3 26. Rd3 Qe1+ 27. Kb2 Rc5 28. Nf3 Rxc2+ 0-1

[Event "Gora Sw Anny op 5th"]
[Site "Gora Sw Anny"]
[Date "2012.01.19"]
[Round "9"]
[White "Kulas, Szymon"]
[Black "Szmer, Aleksander"]
[Result "1-0"]
[WhiteElo "1969"]
[BlackElo "1682"]
[PlyCount "71"]
[EventDate "2012.01.11"]
[EventType "swiss"]
[EventRounds "9"]
[EventCountry "POL"]
[SourceTitle "CBM 146 Extra"]
[Source "ChessBase"]
[SourceDate "2012.02.29"]
[SourceVersion "1"]
[SourceVersionDate "2012.02.29"]
[SourceQuality "1"]

1. d4 e6 2. c4 Nf6 3. Nf3 d5 4. Nc3 c6 5. Bf4 Nbd7 6. e3 Be7 7. Qc2 0-0 8. h3 Re8 9. Bd3 Nf8 10. 0-0 dxc4 11. Bxc4 Nd5 12. Bh2 Ng6 13. a3 Bd6 14. Bxd6 Qxd6 15. Bd3 Nge7 16. Bxh7+ Kf8 17. Bd3 g6 18. Qd2 Kg7 19. e4 Nxc3 20. bxc3 b6 21. Qg5 Qd8 22. Qf4 Bb7 23. Ne5 f6 24. Ng4 Ng8 25. Rad1 g5 26. Qg3 Qb8 27. e5 f5 28. Ne3 Qd8 29. f4 Kh6 30. Bxf5 exf5 31. Nxf5+ Kg6 32. Nd6 Bc8 33. f5+ Kh7 34. f6 Rf8 35. Qxg5 Qc7 36. Rf4 1-0

[Event "Rewal op-B 16th"]
[Site "Rewal"]
[Date "2011.08.22"]
[Round "3"]
[White "Szmer, Aleksander"]
[Black "Bes, Michal"]
[Result "1/2-1/2"]
[WhiteElo "1618"]
[BlackElo "1906"]
[PlyCount "100"]
[EventDate "2011.08.18"]
[EventType "swiss"]
[EventRounds "9"]
[EventCountry "POL"]
[SourceTitle "CBM 144 Extra"]
[Source "ChessBase"]
[SourceDate "2011.10.28"]
[SourceVersion "1"]
[SourceVersionDate "2011.10.28"]
[SourceQuality "1"]

1. e4 b6 2. d4 Bb7 3. Nc3 e5 4. dxe5 Bb4 5. Bd3 Qe7 6. Nf3 f6 7. exf6 Nxf6 8. 0-0 Bxc3 9. bxc3 Nxe4 10. Re1 0-0 11. Ng5 Nxf2 12. Rxe7 Nxd1 13. Nxh7 Nc6 14. Nxf8 Nxe7 15. Nxd7 Nxc3 16. Bf4 Ned5 17. Bc4 Ne2+ 18. Bxe2 Nxf4 19. Bf1 Re8 20. g3 Ne2+ 21. Kf2 Nc3 22. Bc4+ Kh8 23. Re1 Ne4+ 24. Kg1 Rd8 25. Ne5 Rd2 26. Nf7+ Kh7 27. Bd3 Kg8 28. Nd8 Bd5 29. Bxe4 Bxe4 30. Rxe4 Rxd8 31. Re7 Rd4 32. Rxc7 Ra4 33. Kg2 Rxa2 34. Kf3 Kh7 35. Kg4 a5 36. Rb7 Rxc2 37. Rxb6 Rxh2 38. Ra6 Ra2 39. Kg5 Ra4 40. g4 Ra1 41. Ra7 a4 42. Ra6 a3 43. Ra7 Ra2 44. Ra6 Ra1 45. Ra7 a2 46. Ra8 g6 47. Ra7+ Kg8 48. Kxg6 Kf8 49. g5 Ke8 50. Kg7 Rg1 1/2-1/2

[Event "POL-ch U12"]
[Site "Mielno"]
[Date "2011.03.27"]
[Round "9"]
[White "Szmer, Aleksander"]
[Black "Koziol, Kamil"]
[Result "0-1"]
[WhiteElo "1581"]
[BlackElo "1710"]
[PlyCount "136"]
[EventDate "2011.03.19"]
[EventType "swiss"]
[EventRounds "9"]
[EventCountry "POL"]
[SourceTitle "EXT 2012"]
[Source "ChessBase"]
[SourceDate "2011.11.24"]
[SourceVersion "1"]
[SourceVersionDate "2011.11.24"]
[SourceQuality "1"]

1. e4 e5 2. Nf3 Nc6 3. d4 exd4 4. Bc4 Nf6 5. 0-0 Nxe4 6. Re1 d5 7. Bxd5 Qxd5 8. Nc3 Qh5 9. Nxe4 Be6 10. Bg5 Bd6 11. Nxd6+ cxd6 12. Bf4 Qd5 13. c3 Rc8 14. Nxd4 Nxd4 15. Qxd4 Qxd4 16. cxd4 Kd7 17. Bd2 Rc2 18. Bc3 Re8 19. a3 f6 20. Rad1 b6 21. Rd2 Bb3 22. Rxc2 Rxe1+ 23. Bxe1 Bxc2 24. f3 Kc6 25. Kf2 Kb5 26. Ke3 Kc4 27. Bb4 Kd5 28. Kd2 Bb1 29. b3 a5 30. Bc3 h5 31. Bb2 g5 32. Kc3 b5 33. b4 a4 34. Bc1 Ba2 35. g3 Bc4 36. h3 Bf1 37. g4 hxg4 38. hxg4 Be2 39. f4 gxf4 40. Bxf4 Bxg4 41. Kd3 Bh3 42. Bh2 f5 43. Bg3 Bf1+ 44. Kc3 Bc4 45. Bh2 Ke4 46. Bxd6 Ke3 47. Bc5 Bd5 48. Bf8 Be4 49. d5 Bxd5 50. Bc5+ Ke4 51. Kd2 Bc4 52. Bg1 Kf3 53. Bd4 Ke4 54. Bg1 Bf7 55. Bc5 Bh5 56. Bd6 Kd5 57. Bf4 Kc4 58. Kc2 Bf3 59. Bc7 Be4+ 60. Kb2 Kd3 61. Bf4 Bd5 62. Bh6 Bb3 63. Kc1 Kc3 64. Bg7+ Kd3 65. Bh6 Bd5 66. Bg7 f4 67. Kd1 f3 68. Ke1 Kc2 0-1

[Event "Gora Sw Anny op 4th"]
[Site "Gora Sw Anny"]
[Date "2011.02.15"]
[Round "5"]
[White "Szmer, Aleksander"]
[Black "Karwowski, Kacper"]
[Result "1/2-1/2"]
[WhiteElo "1572"]
[BlackElo "1703"]
[PlyCount "131"]
[EventDate "2011.02.12"]
[EventType "swiss"]
[EventRounds "9"]
[EventCountry "POL"]
[SourceTitle "CBM 140 Extra"]
[Source "ChessBase"]
[SourceDate "2011.03.01"]
[SourceVersion "1"]
[SourceVersionDate "2011.03.01"]
[SourceQuality "1"]

1. e4 e6 2. d4 d5 3. e5 c5 4. c3 Qb6 5. Nf3 Bd7 6. Bd3 Bb5 7. 0-0 Bxd3 8. Qxd3 Nc6 9. b3 Rc8 10. Nbd2 cxd4 11. cxd4 Nb4 12. Qe2 Nc2 13. Rb1 Ne7 14. Bb2 Nf5 15. Rbc1 Rc6 16. Qd3 Nb4 17. Qb1 Qa6 18. Rxc6 bxc6 19. a3 Nd3 20. b4 h5 21. Nb3 g6 22. Rd1 Nxb2 23. Qxb2 Bh6 24. Nc5 Qb6 25. Nd2 a5 26. Rb1 axb4 27. axb4 Qb5 28. Qa2 0-0 29. Nf3 g5 30. Qb2 g4 31. Ne1 Qc4 32. Nc2 Rd8 33. Nb7 Rc8 34. Nc5 Rc7 35. Ra1 Bd2 36. Qa2 Qe2 37. Qa6 Qxa6 38. Rxa6 Bc3 39. Nb3 Rb7 40. Rxc6 Bxb4 41. Kf1 Kg7 42. Ke2 Kg6 43. Ne3 Ba3 44. Nxf5 Kxf5 45. Rc3 Be7 46. f3 f6 47. Re3 Rb4 48. Kf2 fxe5 49. Rxe5+ Kf6 50. Re3 Bd6 51. g3 e5 52. dxe5+ Bxe5 53. f4 Bc7 54. Nc5 Rb2+ 55. Re2 Rb1 56. Kg2 h4 57. gxh4 Bxf4 58. Rf2 Kf5 59. Nd3 Ke4 60. Nxf4 d4 61. Ne2 Ke3 62. Nxd4 Kxd4 63. Rf4+ Ke5 64. Rxg4 Rb2+ 65. Kh3 Kf5 66. Rg5+ 1/2-1/2

[Event "Gora Sw Anny op 4th"]
[Site "Gora Sw Anny"]
[Date "2011.02.13"]
[Round "3"]
[White "Szmer, Aleksander"]
[Black "Czajkowski, Adam"]
[Result "1-0"]
[WhiteElo "1572"]
[BlackElo "1809"]
[PlyCount "65"]
[EventDate "2011.02.12"]
[EventType "swiss"]
[EventRounds "9"]
[EventCountry "POL"]
[SourceTitle "CBM 140 Extra"]
[Source "ChessBase"]
[SourceDate "2011.03.01"]
[SourceVersion "1"]
[SourceVersionDate "2011.03.01"]
[SourceQuality "1"]

1. e4 c5 2. Nf3 e6 3. d4 cxd4 4. Nxd4 a6 5. Nc3 d6 6. Be3 Nf6 7. f3 Be7 8. Qd2 Qc7 9. 0-0-0 Nbd7 10. g4 Ne5 11. g5 Nfd7 12. f4 Nc4 13. Bxc4 Qxc4 14. f5 Nc5 15. b3 Qb4 16. Kb2 e5 17. a3 Qb6 18. Nf3 Qc6 19. Bxc5 Qxc5 20. Qd5 f6 21. gxf6 gxf6 22. Rhg1 Qxd5 23. Nxd5 Bd8 24. Rg7 Bd7 25. Nd2 b5 26. Rdg1 Bc6 27. Nc7+ Bxc7 28. Rxc7 Bd7 29. Rg7 Rd8 30. Ra7 Bc8 31. Rae7+ Kf8 32. Rgf7+ Kg8 33. Rxf6 1-0